<?xml version="1.0" encoding="UTF-8"?>
<record
    xmlns:xsi="http://www.w3.org/2001/XMLSchema-instance"
    xsi:schemaLocation="http://www.loc.gov/MARC21/slim http://www.loc.gov/standards/marcxml/schema/MARC21slim.xsd"
    xmlns="http://www.loc.gov/MARC21/slim">

  <leader>01954cam a2200349 a 4500</leader>
  <controlfield tag="005">20240222115704.0</controlfield>
  <controlfield tag="008">100810s2005||||ag d   f |||| 00| 0 spa d</controlfield>
  <datafield tag="020" ind1=" " ind2=" ">
    <subfield code="a">9509030104</subfield>
  </datafield>
  <datafield tag="041" ind1=" " ind2=" ">
    <subfield code="a">spa</subfield>
  </datafield>
  <datafield tag="092" ind1=" " ind2=" ">
    <subfield code="c">614.1</subfield>
    <subfield code="l">47</subfield>
    <subfield code="s">LEN</subfield>
  </datafield>
  <datafield tag="100" ind1="1" ind2=" ">
    <subfield code="a">Lencioni, Leo Julio.</subfield>
    <subfield code="9">1095</subfield>
  </datafield>
  <datafield tag="245" ind1=" " ind2=" ">
    <subfield code="a">Sexolog&#xED;a y Tocoginecolog&#xED;a M&#xE9;dico-Legal.</subfield>
    <subfield code="b">Tratado para m&#xE9;dicos y abogados / </subfield>
    <subfield code="c">Leo Julio Lencioni.</subfield>
  </datafield>
  <datafield tag="250" ind1=" " ind2=" ">
    <subfield code="a">1a ed.</subfield>
    <subfield code="b">Pr&#xF3;logo de Alfredo Achaval</subfield>
  </datafield>
  <datafield tag="260" ind1=" " ind2=" ">
    <subfield code="a">Rosario [Santa Fe ; Argentina]: </subfield>
    <subfield code="b">Corpus;</subfield>
    <subfield code="c">2005.</subfield>
  </datafield>
  <datafield tag="300" ind1=" " ind2=" ">
    <subfield code="a">282 p.</subfield>
  </datafield>
  <datafield tag="500" ind1=" " ind2=" ">
    <subfield code="a">Lencioni, L. J. (2005). Sexolog&#xED;a y Tocoginecolog&#xED;a M&#xE9;dico-Legal. Tratado para m&#xE9;dicos y abogados. (1a ed.). Rosario (Santa Fe ; Argentina) : Corpus.</subfield>
  </datafield>
  <datafield tag="653" ind1=" " ind2=" ">
    <subfield code="a">Sexo: la sexolog&#xED;a. Los estados intersexuales. Cromosomas</subfield>
  </datafield>
  <datafield tag="653" ind1=" " ind2=" ">
    <subfield code="a">Desviaciones sexuales. Parafilias</subfield>
  </datafield>
  <datafield tag="653" ind1=" " ind2=" ">
    <subfield code="a">Delitos contra la integridad sexual: epidemiolog&#xED;a, examen de la victima, examen del lugar del hecho</subfield>
  </datafield>
  <datafield tag="653" ind1=" " ind2=" ">
    <subfield code="a">Delitos contra la integridad sexual: examen genital, violaci&#xF3;n por v&#xED;a anal, coito por v&#xED;a oral, examen ps&#xED;quico, complicaciones, examen del agresor, laboratorio, mutilaciones genitales</subfield>
  </datafield>
  <datafield tag="653" ind1=" " ind2=" ">
    <subfield code="a">Delitos contra la integridad sexual: legislaci&#xF3;n, protocolos para redactar historias cl&#xED;nicas</subfield>
  </datafield>
  <datafield tag="653" ind1=" " ind2=" ">
    <subfield code="a">Abuso sexual en los ni&#xF1;os</subfield>
  </datafield>
  <datafield tag="653" ind1=" " ind2=" ">
    <subfield code="a">Enfermedades de transmisi&#xF3;n sexual: delito de contagio ven&#xE9;reo, legislaci&#xF3;n</subfield>
  </datafield>
  <datafield tag="653" ind1=" " ind2=" ">
    <subfield code="a">Impotencia, esterilidad e infertelidad</subfield>
  </datafield>
  <datafield tag="653" ind1=" " ind2=" ">
    <subfield code="a">Tocoginecolog&#xED;a m&#xE9;dico-legal</subfield>
  </datafield>
  <datafield tag="653" ind1=" " ind2=" ">
    <subfield code="a">Embarazo: diagn&#xF3;stico del embarazo, tiempo de embarazo, duraci&#xF3;n del embarazo, nacimiento, otros problemas m&#xE9;dico-legales</subfield>
  </datafield>
  <datafield tag="653" ind1=" " ind2=" ">
    <subfield code="a">Aborto: epidemiolog&#xED;a del aborto criminal, causas del aborto, complicaciones del aborto criminal, sintomatolog&#xED;a del aborto, legislaci&#xF3;n</subfield>
  </datafield>
  <datafield tag="653" ind1=" " ind2=" ">
    <subfield code="a">Fertilizaci&#xF3;n asistida: t&#xE9;cnicas de fertilizaci&#xF3;n asistida, aspectos m&#xE9;dico-jur&#xED;dicos</subfield>
  </datafield>
  <datafield tag="930" ind1=" " ind2=" ">
    <subfield code="a">1321</subfield>
  </datafield>
  <datafield tag="930" ind1=" " ind2=" ">
    <subfield code="a">1322</subfield>
  </datafield>
  <datafield tag="942" ind1=" " ind2=" ">
    <subfield code="2">ddc</subfield>
    <subfield code="c">BK</subfield>
  </datafield>
  <datafield tag="999" ind1=" " ind2=" ">
    <subfield code="c">595</subfield>
    <subfield code="d">595</subfield>
  </datafield>
  <datafield tag="952" ind1=" " ind2=" ">
    <subfield code="0">0</subfield>
    <subfield code="1">0</subfield>
    <subfield code="2">ddc</subfield>
    <subfield code="4">0</subfield>
    <subfield code="7">0</subfield>
    <subfield code="8">REF</subfield>
    <subfield code="a">BFM</subfield>
    <subfield code="b">BFM</subfield>
    <subfield code="c">REF</subfield>
    <subfield code="d">2011-05-13</subfield>
    <subfield code="l">1</subfield>
    <subfield code="m">1</subfield>
    <subfield code="o">614.1 47 LEN</subfield>
    <subfield code="p">1321</subfield>
    <subfield code="r">2016-10-20</subfield>
    <subfield code="s">2016-10-14</subfield>
    <subfield code="t">ej.1</subfield>
    <subfield code="w">2011-05-13</subfield>
    <subfield code="y">REF</subfield>
    <subfield code="z">LIBRO DE CONSULTA</subfield>
  </datafield>
  <datafield tag="952" ind1=" " ind2=" ">
    <subfield code="0">0</subfield>
    <subfield code="1">0</subfield>
    <subfield code="4">0</subfield>
    <subfield code="7">0</subfield>
    <subfield code="a">BFM</subfield>
    <subfield code="b">BFM</subfield>
    <subfield code="c">CR</subfield>
    <subfield code="d">2011-05-13</subfield>
    <subfield code="l">1</subfield>
    <subfield code="o">614.1 47 LEN</subfield>
    <subfield code="p">1322</subfield>
    <subfield code="r">2016-05-19</subfield>
    <subfield code="s">2016-05-17</subfield>
    <subfield code="t">ej.2</subfield>
    <subfield code="w">2011-05-13</subfield>
    <subfield code="y">BK</subfield>
  </datafield>
</record>
